000 00431nam a2200181Ia 4500
008 220531s9999 xx 000 0 und d
041 _aeng
082 _bPIL
100 _aPillai, R.
_971009
245 _aCorporate Chanakya
250 _a1ST
260 _aMumbai
_bJaico Publication House
_c2012
300 _a317
542 _d27-03-2015
650 _aManagement
_971010
906 _d2014-2015
_f6286
999 _c39736
_d39736